<?xml version="1.0" encoding="UTF-8"?>
<marc:record xmlns:marc="http://www.loc.gov/MARC21/slim">
   <marc:leader>00000nam a2200000 a 4500</marc:leader>
   <marc:datafield ind1="0" ind2="0" tag="245">
      <marc:subfield code="a">Spicy</marc:subfield>
   </marc:datafield>
   <marc:datafield ind1="0" ind2="0" tag="245">
      <marc:subfield code="b">scharf, schärfer, spicy</marc:subfield>
   </marc:datafield>
   <marc:datafield ind1=" " ind2="1" tag="264">
      <marc:subfield code="a">Walldürn</marc:subfield>
      <marc:subfield code="b">Heidelbär</marc:subfield>
      <marc:subfield code="c">2020</marc:subfield>
   </marc:datafield>
   <marc:datafield ind1="1" ind2=" " tag="520">
      <marc:subfield code="a">Spicy ist ein Bluff-Kartenspiel für 2–6 Spieler. Die Karten werden verdeckt ausgespielt, sodass man bei der Ansage seiner Karte schon mal flunkern kann.&#xD;
&#xD;
Doch bei diesem cleveren Kartenspiel von Zoltán Gyori geht es nicht einfach nur darum, überzeugend zu bluffen. Denn eine Karte, die zumindest halb richtig ist, kann man bei geschicktem Abspielen von der Kartenhand fast immer spielen. Da gilt es taktisch zu überlegen, mit welcher Karte man wohl durchkommt:&#xD;
Spiele ich auf eine „Wasabi 9“ besser eine „Pfeffer 10“ oder einen Joker? Oder passe ich besser, weil es bestimmt auffällt, dass ich jetzt schon so lange überlege?&#xD;
&#xD;
Neben dem eigentlichen Spiel enthält Spicy 6 Spielvariantenkarten, doch auch ohne diese ist ein hoher Wiederspielreiz garantiert.</marc:subfield>
   </marc:datafield>
   <marc:datafield ind1="3" ind2=" " tag="024">
      <marc:subfield code="a">4270000439971</marc:subfield>
   </marc:datafield>
   <marc:datafield ind1=" " ind2=" " tag="500">
      <marc:subfield code="a">Spielanleitung (DE)</marc:subfield>
   </marc:datafield>
   <marc:datafield ind1=" " ind2=" " tag="300">
      <marc:subfield code="a">ca. 15 Min.</marc:subfield>
   </marc:datafield>
</marc:record>
